000 00821nam a2200265Ia 4500
003 OSt
005 20220918223652.0
006 a|||||r|||| 00| 0
007 ta
008 220917b |||||||| |||| 00| 0 eng d
024 _a224,534
037 _cTextual
040 _aARTS
_cARTS
_beng
041 _2eng
_aeng
082 _aSN1:4, P4
100 _aHayes Steven C. Ed.
_9146317
245 0 _aMindfulness and acceptance
_b Expanding the cognitive - behavioral tradition
260 _aNew York
_bThe Guilford Press
_c2004
300 _axvi, 319p.
_ccm.
650 _aPSYCHOLOGY
700 _a Follette Victoria M. Ed.
700 _a Linehan Marsha M. Ed.
_9146318
942 _hSN1:4, P4
_cTEXL
_2CC
999 _c279124
_d279124